Great essays by Nobel prize winners /

Bibliographic Details
Main Author: Hamalian, Leo
Other Authors: Volpe, Edmond Loris
Format: Book
Language:English
Published: New York : Noonday Press, [1960]
Subjects:

MARC

Tag First Indicator Second Indicator Subfields
LEADER 00000cam a22000001 4500
001 in00000025298
005 20151007061146.0
008 730208s1960 nyu 00010 eng
010 |a  60010480  
035 |a (OCoLC)00310117 
035 |9 AAD1276AM 
040 |a DLC  |c DLC  |d TXA  |d UtOrBLW 
049 |a TXAM  |c [323112] 
050 0 0 |a PN6142  |b .H3 
082 0 |a 808.84 
092 |a 808.84  |b H198g 
100 1 |a Hamalian, Leo. 
245 1 0 |a Great essays by Nobel prize winners /  |c Edited by Leo Hamalian and Edmond L. Volpe. 
264 1 |a New York :  |b Noonday Press,  |c [1960] 
300 |a 334 pages ;  |c 22 cm. 
336 |a text  |b txt  |2 rdacontent 
337 |a unmediated  |b n  |2 rdamedia 
338 |a volume  |b nc  |2 rdacarrier 
650 0 |a Essays. 
650 0 |a Nobel Prizes. 
700 1 |a Volpe, Edmond Loris. 
999 |a MARS 
999 f f |s ebe1725c-e4a7-3a32-8afc-a20775fd97d6  |i 14d9ea70-b671-335b-9990-1deae411a5a2  |t 0 
952 f f |p normal  |a Texas A&M University  |b College Station  |c Sterling C. Evans Library  |d Evans: Library Stacks  |t 0  |e PN6142 .H3  |h Library of Congress classification  |i unmediated -- volume  |m A14801203860 
998 f f |a PN6142 .H3  |t 0  |l Evans: Library Stacks